MARC details
| 000 -CABECERA |
| campo de control de longitud fija |
03996nam a22003378i 4500 |
| 001 - NÚMERO DE CONTROL |
| campo de control |
14238173 |
| 005 - FECHA Y HORA DE LA ÚLTIMA TRANSACCIÓN |
| campo de control |
20250828100254.0 |
| 006 - CÓDIGOS DE INFORMACIÓN DE LONGITUD FIJA--CARACTERÍSTICAS DEL MATERIAL ADICIONAL |
| campo de control de longitud fija |
m d |
| 007 - CAMPO FIJO DE DESCRIPCIÓN FÍSICA--INFORMACIÓN GENERAL |
| campo de control de longitud fija |
cr n |
| 008 - DATOS DE LONGITUD FIJA--INFORMACIÓN GENERAL |
| campo de control de longitud fija |
241121s2025 enk ob 000 0 eng d |
| 020 ## - NÚMERO INTERNACIONAL ESTÁNDAR DEL LIBRO |
| Número Internacional Estándar del Libro |
9781350384675 |
| 020 ## - NÚMERO INTERNACIONAL ESTÁNDAR DEL LIBRO |
| ISBN cancelado o inválido |
9781350384682 |
| 035 ## - NÚMERO DE CONTROL DEL SISTEMA |
| Número de control de sistema |
(WaSeSS)ssib060509606 |
| 040 ## - FUENTE DE LA CATALOGACIÓN |
| Centro catalogador/agencia de origen |
DLC |
| Lengua de catalogación |
eng |
| Centro/agencia transcriptor |
DLC |
| Centro/agencia modificador |
WaSeSS |
| 041 ## - CÓDIGO DE LENGUA |
| Código de lengua del texto/banda sonora o título independiente |
English |
| 042 ## - CÃDIGO DE AUTENTICACIÃN |
| Código de autenticación |
pcc |
| 043 ## - CÓDIGO DE ÁREA GEOGRÁFICA |
| Código de área geográfica |
e-uk--- |
| 050 00 - SIGNATURA TOPOGRÁFICA DE LA BIBLIOTECA DEL CONGRESO |
| Número de clasificación |
HF5415.1255 |
| Número de documento/Ítem |
.P74 2025 |
| 100 ## - ENTRADA PRINCIPAL--NOMBRE DE PERSONA |
| Nombre de persona |
Preston, David |
| Títulos y otros términos asociados al nombre |
(Lecturer on graphic design) |
| 245 14 - MENCIÓN DE TÍTULO |
| Título |
The development of corporate design |
| Resto del título |
: brand identity, graphic design and professionalism in post-war Britain |
| Mención de responsabilidad, etc. |
/ David Preston. |
| 264 #1 - PRODUCCIÓN, PUBLICACIÓN, DISTRIBUCIÓN, FABRICACIÓN Y COPYRIGHT |
| Producción, publicación, distribución, fabricación y copyright |
London ; |
| -- |
New York : |
| Nombre del de productor, editor, distribuidor, fabricante |
Bloomsbury Visual Arts, |
| Fecha de producción, publicación, distribución, fabricación o copyright |
2025. |
| 500 ## - NOTA GENERAL |
| Nota general |
|
| 504 ## - NOTA DE BIBLIOGRAFÍA, ETC. |
| Nota de bibliografía, etc. |
Includes bibliographical references. |
| 505 ## - NOTA DE CONTENIDO CON FORMATO |
| Nota de contenido con formato |
A macro history of corporate branding — Overarching tropes in the treatment of corporate branding — The history of corporate branding as a programmatic endeavor — An introduction to corporate brand systems in Britain — The 'end of the ideas poster' and the emergence of corporate brand systems — Locating corporate brand systems in the post-war socio-economic context — The developing discourse of corporate branding in Britain — The coordinated brand: The practical rationality of Hans Schleger & Associates — The development of Hans Schleger & Associates — Defining the role of the trademark — Control systems at Hans Schleger and Associates — Reconfiguring brand practice: The systematic methods of Henrion Design Associates — The development of Henrion Design Associates — 'Systematic methods in design co-ordination' — The 'collective enabling enterprise' of design coordination as mapping — Setting brand standards: Design Research Unit and the design manual as an instrument of control — The development of the Design Research Unit — Evolving instruments of control: from recommendations to standards. |
| 520 ## - SUMARIO, ETC. |
| Sumario, etc. |
Chronicling the emergence of brand consultancy, this book explores how the development and proliferation of brand identity systems transformed the working methods and ideals of practicing graphic designers working in post-war Britain.<br/><br/>Practitioners in Britain were at the forefront of efforts to transform corporate identity design into a recognised practice with its own codified methods. Focussing particularly on the British experience, the book also draws on the influences and developments in this formative era in other countries, including the US and Germany. During this period designers were struggling with two conflicting paradigms - the socially motivated, free spirited artist-designer and the design entrepreneur as corporate agent.<br/><br/>David Preston uses three key design agencies as the springboard to explore this foundational period in the history of graphic design labour practices - the practical rationality of Hans Schleger & Associates, the systematic methods of Henrion Design Associates and the Design Research Unit and their design manual as an instrument of control. These design agencies created some of the most striking and successful brand identities of the era - the KLM logo, the British Rail double arrow, the John Lewis branding of the 1960s, Glenfiddich's iconic triangular bottle, the Post Office's house style, the National Theatre logo and many more. The case studies look at the power at play, how branding became systematic, the struggle between motives and standards, and draws on first-hand interviews with key actors and archival material.<br/><br/>A valuable contribution to our understanding of British post-war graphic design and the history of branding. |
| Fuente proveedora |
Provided by publisher. |
| 650 #0 - PUNTO DE ACCESO ADICIONAL DE MATERIA--TÉRMINO DE MATERIA |
| Término de materia o nombre geográfico como elemento de entrada |
Branding (Marketing) |
| Subdivisión geográfica |
Great Britain |
| Subdivisión general |
History |
| Subdivisión cronológica |
20th century. |
| 650 #0 - PUNTO DE ACCESO ADICIONAL DE MATERIA--TÉRMINO DE MATERIA |
| Término de materia o nombre geográfico como elemento de entrada |
Graphic design (Typography) |
| Subdivisión geográfica |
Great Britain |
| Subdivisión general |
History |
| Subdivisión cronológica |
20th century. |
| 651 #0 - PUNTO DE ACCESO ADICIONAL DE MATERIA--NOMBRE GEOGRÁFICO |
| Nombre geográfico |
Great Britain |
| Subdivisión general |
History |
| Subdivisión cronológica |
Elizabeth II, 1952-2022. |
| 710 2# - ENTRADA AGREGADA--NOMBRE DE ENTIDAD CORPORATIVA |
| Nombre de entidad corporativa o nombre de jurisdicción como elemento de entrada |
Bloomsbury Collections: All Titles |
| 942 ## - ELEMENTOS DE ENTRADA AGREGADA (KOHA) |
| Fuente del sistema de clasificación o colocación |
Clasificación de Library of Congress |